| 000 | 00741nam a22002057a 4500 | ||
|---|---|---|---|
| 005 | 20220726113611.0 | ||
| 008 | 220726b ||||| |||| 00| 0 eng d | ||
| 040 | _cAloy | ||
| 041 | _ahin | ||
| 082 |
_223 _aH891.4 _bMAHK |
||
| 100 |
_aMahaprajna: महाप्रज्न _953303 |
||
| 245 |
_aKaise soche: _bकैसे सोचें ? |
||
| 260 |
_aLadnoom _bJain Vishw Bharti Prakashan _c1999 |
||
| 300 |
_a265p. _bHB _c22x14cm. |
||
| 365 |
_2Hindi _b50.00 _c₹ _d50.00 |
||
| 650 |
_aHindi Prose: हिंदी गध्य _953304 |
||
| 650 |
_aHriday Parivarthan ke Sutr: हृदय परिवर्तन के सूत्र _953305 |
||
| 700 |
_aMAHAPRAJN: महाप्रज्न _953306 |
||
| 942 |
_2ddc _cGF |
||
| 999 |
_c224189 _d224189 |
||